000 00220nam a22000857a 4500
008 160915b xxu||||| |||| 00| 0 eng d
100 _9522
_aKhurana.S
245 _aMathematics Lab-7
260 _aNew Delhi
_bAI Publications
_c2011
999 _c3179
_d3179